000 00618nam a22001817a 4500
003 OSt
005 20191029062545.0
008 180221b xxu||||| |||| 00| 0 spa d
040 _cPJ
100 _aPiombo, Horacio Daniel
_9636
245 1 0 _aExtradicion de nacionales :
_bproyecciones sustanciales procesales e internacionales de la regla interdictoria /
_cHoracio Daniel Piombo.
260 _aBuenos Aires :
_bDepalma,
_c1974.
300 _a295 p.
_c23 cm.
500 _aNotas al pie de página.
650 0 _9653
_aDERECHO INTERNACIONAL PENAL
650 0 _aEXTRADICION
_9658
942 _2udc
_cLIB
_h341.44
_iPIO
999 _c502
_d502